00709nam a2200181 a 450000500170000000800410001705000250005810000170008324500680010026000370016830000100020550000350021552000670025065000430031765000210036099900190038195201270040020140414132108.0100722s19uu xx 00 eng d aREF 793.73bW51 2002 aWick, Walter aCan you see what I see? :bpicture puzzles to search and solve. aNew York :bScholastic ,c2002. a35 p. a "Cartwheel books"-T.p. verso. aPresents twelve brain-teasing hidden picture puzzles to solve. aPicture puzzles --Juvenile literature. aPicture puzzles. c114653d114653 00104050aMUbMUcREFd2011-01-05eLib. Fundg349.50l0oREF 793.73 W51 2002pM6534r2014-04-14 00:00:00w2014-04-14yBK